000 00950cpcaa2200265 a 4500
001 mm 79002248
003 DLC
005 20260227111640.0
008 790621|||||||||||| eng
010 _amm 79002248
040 _aDLC
_cDLC
_dDLC
_edacs
072 7 _aN
_2lcmd
100 1 _aHenshaw, David,
_d1791-1852.
245 0 0 _aDavid Henshaw correspondence,
_f1832-1844.
300 _a3
_fitems.
506 0 _aOpen to research.
545 0 _aU.S. secretary of the navy, public official of Massachusetts, and railroad official.
546 _aCollection material in English.
580 _aForms part of: Miscellaneous Manuscripts collection.
656 7 _aCabinet officers.
_2itoamc
656 7 _aPublic officials
_zMassachusetts.
_2itoamc
656 7 _aRailroad officials.
_2itoamc
999 _c41104
_d41104